000 00604nam a2200193 i 4500
001 78393
003 ES-MaACL
005 20250812024129.0
007 t|
008 041014s1961 sp ||||1| spa d
100 1 _aHauser, Arnold.
_962109
245 1 0 _aIntroduccióin a la historia del arte /
_cArnold Hauser ; lo tradujo del alemán Felipe González Vicen.
260 _aMadrid :
_bGuadarrama,
_c[1961]
300 _a543 p., 65 lám. ;
_c19 cm.
650 4 _aArte-
_vHistoria
_910107
700 1 _aGonzález Vicen, Felipe.
_959017
852 _aES-MaACL
_jB-2093
999 _c78393
_d78393